| 000 | 00929nac a22002771u 4500 | ||
|---|---|---|---|
| 010 | _a 2007296473 | ||
| 020 | _a9780471771166 (hbk. : acid-free paper) | ||
| 020 | _a0471771163 (hbk. : acid-free paper) | ||
| 035 | _a(OCoLC)ocm70059748 | ||
| 035 | _a(OCoLC)70059748 | ||
| 082 |
_b004.6 _aFIT |
||
| 090 |
_c5817 _d5817 |
||
| 100 | _aFitzGerald, Jerry, | ||
| 245 | 1 | 0 |
_aBusiness data communications and networking / _cJerry FitzGerald, Alan Dennis. |
| 250 | _a9th ed. | ||
| 260 |
_aHoboken, NJ : _bJohn Wiley,2007 _cc2007. |
||
| 300 |
_axii, 580 p. : _bill. (some col.), maps (some col.) ; _c25 cm. |
||
| 500 | _adistributer: AAL-Ahram | ||
| 504 | _aIncludes index. | ||
| 511 | _acatalogued by: wessam | ||
| 650 | 0 | _aData transmission systems. | |
| 650 | 0 | _aComputer networks. | |
| 650 | 0 |
_aOffice practice _xAutomation. |
|
| 700 | 1 | _aDennis, Alan. | |
| 942 |
_cBB _k 004.6FIT |
||
| 999 |
_c5817 _d5817 |
||